<?xml version="1.0" encoding="UTF-8"?>
<collection xmlns="http://www.loc.gov/MARC21/slim">
<record>
  <controlfield tag="001">241154</controlfield>
  <controlfield tag="005">20230214173911.0</controlfield>
  <datafield tag="024" ind1="7" ind2=" ">
    <subfield code="a">G:(EU-Grant)101024057</subfield>
    <subfield code="d">101024057</subfield>
    <subfield code="2">CORDIS</subfield>
  </datafield>
  <datafield tag="024" ind1="7" ind2=" ">
    <subfield code="a">G:(EU-Call)H2020-MSCA-IF-2020</subfield>
    <subfield code="d">H2020-MSCA-IF-2020</subfield>
    <subfield code="2">CORDIS</subfield>
  </datafield>
  <datafield tag="024" ind1="7" ind2=" ">
    <subfield code="a">corda__h2020::101024057</subfield>
    <subfield code="2">originalID</subfield>
  </datafield>
  <datafield tag="035" ind1=" " ind2=" ">
    <subfield code="a">G:(EU-Grant)101024057</subfield>
  </datafield>
  <datafield tag="150" ind1=" " ind2=" ">
    <subfield code="a">Modeling the fracture toughness of metallic glasses through a multiscale approach</subfield>
    <subfield code="y">2021-10-01 - 2023-09-30</subfield>
  </datafield>
  <datafield tag="372" ind1=" " ind2=" ">
    <subfield code="a">H2020-MSCA-IF-2020</subfield>
    <subfield code="s">2021-10-01</subfield>
    <subfield code="t">2023-09-30</subfield>
  </datafield>
  <datafield tag="450" ind1=" " ind2=" ">
    <subfield code="a">ToughMG</subfield>
    <subfield code="w">d</subfield>
    <subfield code="y">2021-10-01 - 2023-09-30</subfield>
  </datafield>
  <datafield tag="510" ind1="1" ind2=" ">
    <subfield code="0">I:(DE-588b)5098525-5</subfield>
    <subfield code="a">European Union</subfield>
    <subfield code="2">CORDIS</subfield>
  </datafield>
  <datafield tag="680" ind1=" " ind2=" ">
    <subfield code="a">Bulk metallic glasses (BMGs) are promising materials that combine the strength of metal alloys with the elasticity of glassy polymers. Compared to their crystalline counterpart, the lack of dislocations and grain boundaries translates into better energy restitution, excellent wear, and corrosion resistance, making them promising candidates for sports goods to biomedical materials. Unfortunately, BMGs are notorious for exhibiting crack growth, fracture, and, ultimately, catastrophic failure, severely limiting their applications. Recently, experimental observation showed that BMGs could exhibit a mechanical transition revealed by a sharp drop in fracture toughness (ability to resist failure in the presence of a crack) as a function of a protocol (fictive) temperature that controls the glass stability. This transition strongly echoes with the ductile to brittle transition seen in recent numerical and theoretical works and is found to be linked to a sharp decrease in plastic defects (soft spots), which play a role similar to dislocations in crystals.
In this action, we propose investigating the toughening transition seen in BMGs through a novel multiscale numerical approach. This action aims to enable the parametrization of continuum models with the insight gained from microscopic simulations. In ToughMG, I will associate my experience in the detection and micromechanics of plastic defects at the microscopic level to the prominent expertise provided by Prof. Barrat and the host institution in modeling plasticity at the mesoscopic and macroscopic scale. The methodology developed will allow me to predict large scale plastic strain observed prior fracture as a function of the material's protocol history. This research plan can substantially advance our understanding of the connection between glassy structure and fracture mechanics of bulk metallic glasses and allows for better material design.</subfield>
  </datafield>
  <datafield tag="909" ind1="C" ind2="O">
    <subfield code="o">oai:juser.fz-juelich.de:897594</subfield>
    <subfield code="p">authority:GRANT</subfield>
    <subfield code="p">authority</subfield>
  </datafield>
  <datafield tag="980" ind1=" " ind2=" ">
    <subfield code="a">G</subfield>
  </datafield>
  <datafield tag="980" ind1=" " ind2=" ">
    <subfield code="a">CORDIS</subfield>
  </datafield>
  <datafield tag="980" ind1=" " ind2=" ">
    <subfield code="a">AUTHORITY</subfield>
  </datafield>
  <datafield tag="909" ind1="C" ind2="O">
    <subfield code="o">oai:juser.fz-juelich.de:897594</subfield>
  </datafield>
</record>
</collection>